Trh práce a zamestnanosť
Situácia na trhu práce. Vývoj miery evidovanie nezamestnanosti v SR v rokoch 2007 – 2010. Aktuálne problémy. Deformácie a rigidita trhu práce.
Enregistré dans:
| Auteur principal: | |
|---|---|
| Format: | Chapitre de livre |
| Langue: | slovaque |
| Sujets: | |
| Tags: |
Pas de tags, Soyez le premier à ajouter un tag!
|
MARC
| LEADER | 00000nla$a2200000$$$4500 | ||
|---|---|---|---|
| 001 | 0126319 | ||
| 005 | 20231207080740.5 | ||
| 041 | 0 | |a slo | |
| 044 | |a SK | ||
| 245 | 1 | 0 | |a Trh práce a zamestnanosť |c Eva Vlková |
| 520 | |a Situácia na trhu práce. Vývoj miery evidovanie nezamestnanosti v SR v rokoch 2007 – 2010. Aktuálne problémy. Deformácie a rigidita trhu práce. | ||
| 610 | 2 | 0 | |a konkurencieschopnosť |
| 610 | 2 | 0 | |a Slovensko |
| 610 | 2 | 0 | |a miesta pracovné |
| 610 | 2 | 0 | |a nezamestnanosť |
| 610 | 2 | 0 | |a politika zamestnanosti |
| 610 | 2 | 0 | |a trh práce |
| 100 | 1 | |a Vlková, Eva | |